Fundamentals of photonics

In recent years, photonics has found increasing applications in such areas as communications, signal processing, computing, sensing, display, printing, and energy transport. Now, Fundamentals of Photonics is the first self-contained introductory-level textbook to offer a thorough survey of this rapi...

Full description

Saved in:
Bibliographic Details
Main Author: Saleh, Bahaa E. A.
Format: Book
Language:Undetermined
Published: New Jersey John Wiley & Sons 1991
Subjects:
Tags: Add Tag
No Tags, Be the first to tag this record!
Institutions: Trung tâm Học liệu Trường Đại học Cần Thơ
LEADER 01274nam a2200217Ia 4500
001 CTU_238316
008 210402s9999 xx 000 0 und d
082 |a 621.36 
082 |b S163 
100 |a Saleh, Bahaa E. A. 
245 0 |a Fundamentals of photonics 
245 0 |c Bahaa E.A. Saleh, Malvin Carl Teich. 
260 |a New Jersey 
260 |b John Wiley & Sons 
260 |c 1991 
520 |a In recent years, photonics has found increasing applications in such areas as communications, signal processing, computing, sensing, display, printing, and energy transport. Now, Fundamentals of Photonics is the first self-contained introductory-level textbook to offer a thorough survey of this rapidly expanding area of engineering and applied physics. Featuring a logical blend of theory and applications, coverage includes detailed accounts of the primary theories of light, including ray optics, wave optics, electromagnetic optics, and photon optics, as well as the interaction of light with matter, and the theory of semiconductor materials and their optical properties. 
526 |a Quang lượng tử 
526 |b TN677 
650 |a Photonics.,Quang điện tử 
910 |a Tuyến 
980 |a Trung tâm Học liệu Trường Đại học Cần Thơ